Statistics for Countries with Missing Consonants

Click here to take the quiz!

General Stats

  • This quiz has been taken 1,919 times
    (1,916 since last reset)
  • The average score is 10 of 21

Answer Stats

ClueCountry% Correct
O _ A _Oman
91%
E _ U A _ O _Ecuador
90%
A _ _ O _ AAngola
86%
_ A I _ IHaiti
84%
I _ _ A E _Israel
76%
U _ _ A I _ EUkraine
76%
_ A _ A _ IMalawi
57%
_ E _ I _ EBelize
54%
_ O _ _ ATonga
45%
_ O _ O _ O _Comoros
44%
_ _ I _ EChile
39%
_ I E _ _ A _Vietnam
38%
_ _ A I _ A _ _Thailand
33%
_ U _ A _Sudan
31%
_ _ U _ A _Bhutan
26%
_ O _ A _ _Poland
26%
_ I _ _ A _ _ EZimbabwe
26%
_ _ A _ _ EFrance
24%
_ A _ I _ _ A _Pakistan
23%
_ _ E _ E _Sweden
22%
_ E _ A _ O _Lebanon
20%

Score Distribution

Percentile by Number Answered

Percent of People with Each Score

Your Score History

You have not taken this quiz since the last reset